000 04335nab a2200301 i 4500
003 BR-BrBNA
005 20230921150918.0
008 230710b2020 bl.ar|pooa||| 00| 0 eng |
040 _aBR-BrBNA
_beng
072 _aH60
_b1740
072 _aH20
100 _aAkhtar, R.
100 _aJavaid, A.
100 _aQureshi, M.Z.
245 _aBioactive constituents of shoot extracts of Sisymbrium irio L. Against Fusarium oxysporum f. sp. cepae
500 _aPublicação on-line; 34 ref.; 2 tables; 6 illus.; Summaries (En, Pt)
520 _a ABSTRACT - The present study was carried out to check the antifungal potential of Sisymbrium irio L. shoot extract against Fusarium oxysporum f. sp. cepae (FOC). In preliminary bioassays, different concentrations (1 to 5%) of leaf, stem and fruit extracts were evaluated against FOC. All the extracts were effective against the pathogen. However, the leaf extract was found the most effective causing 25-41% decrease in FOC biomass. The fractionation of methanolic leaf extract was done by two organic solvents namely n-hexane and chloroform. Different concentrations (1.56 to 200 mg mL-1) of these fractions were tested against FOC. The n-hexane and chloroform fractions showed inhibitory activity against the pathogen and resulted in 77-93% and 80-96% reduction in biomass of FOC, respectively. GC-MS analysis showed the presence of 24 compounds in n-hexane and 4 compounds in chloroform fraction. In n-hexane fraction, β-sitosterol (18.64%) was the most abundant compound followed by orotic acid, bis(tert-butyldimethylsilyl)-, tert-butyldimethylsilyl ester (12.18%), 10-octadecenoic acid, methyl ester (7.90%) and 1,2-benzenedicarboxylic acid, diisooctyl ester (6.05%). Major compounds identified in chloroform fraction were 1,3-benzenedicarboxylic acid, bis(2-ethylhexyl) ester (50.82%) and di-n-octyl phthalate (33.00%). This study concludes that n-hexane and chloroform fractions of methanolic leaf extract of S. irio contain potent antifungal constituents for the management of FOC. Keywords: basal rot of onion, brassicaceous weed, methanolic extract.
520 _a RESUMO - O presente estudo foi realizado para verificar o potencial antifúngico do extrato de caule de Sisymbrium irio L. contra Fusarium oxysporum f. sp. cepae (FOC). Em bioensaios preliminares, diferentes concentrações (1% a 5%) de extratos de folhas, caules e frutos foram avaliadas contra o FOC. Todos os extratos foram eficazes contra o patógeno. No entanto, o extrato de folhas foi o mais eficaz, causando 25-41% de redução na biomassa FOC. O fracionamento do extrato metanólico das folhas foi feito por dois solventes orgânicos: n-hexano e clorofórmio. Diferentes concentrações (1,56 a 200 mg mL-1) dessas frações foram testadas contra o FOC. As frações de n-hexano e clorofórmio mostraram atividade inibitória contra o patógeno e resultaram em redução de 77-93% e 80-96% na biomassa de FOC, respectivamente. A análise por CG-EM mostrou a presença de 24 compostos em n-hexano e 4 compostos em fração clorofórmica. Na fração n-hexano, o β-sitosterol (18,64%) foi o composto mais abundante, seguido pelo ácido orótico, éster bis (terc-butildimetilsilil) terc-butildimetilsilílico (12,18%), éster de ácido 10-octadecenoico metil (7,90%) e Ter de di-isoctilo do ido 1,2-benzenodicarboxico (6,05%). Os principais compostos identificados na fração clorofórmica foram o ácido 1,3-benzenodicarboxílico, o éster bis (2-etil-hexílico) (50,82%) e o ftalato di-n-octilo (33,00%). Este estudo conclui que as frações de n-hexano e clorofórmio do extrato metanólico das folhas de S. irio contêm potentes constituintes antifúngicos para o manejo do FOC. Palavras-chave: podridão basal de cebola, planta daninha Brassicácea.
650 _aPODRIDÃO
650 _aALLIUM CEPA
650 _aCEBOLA
650 _aERVA DANINHA
650 _aBRASSICACEAE
773 0 _0886
_91817
_dLondrina-PR : Sociedade Brasileira da Ciência das Plantas Daninhas, 1978
_o2023-031024
_tPlanta Daninha (Brazil)
_x0100-8358; 1806-9681 (on-line)
_gv. 38 p. 1-10; (2020)
_wBR2023000783
856 _uhttps://www.scielo.br/j/pd/a/nGWfvYCsLzVkSTqb4yTXvZf/?format=pdf&lang=en
942 _cAnalítica
999 _c9592
_d9592